Miglior calciatore del XX secolo IFFHS - Statistics

Statistiche generali
  • Questo quiz è stato fatto 112 volte
  • Il punteggio medio è 16 su 50
Statistiche sulle risposte
Voti Nazione Calciatore % Corretto
2888 Brasile Pelè
98%
1228 Argentina Diego Armando Maradona
95%
722 Francia Michel Platini
79%
810 Ungheria Ferenc Puskás
78%
1303 Paesi Bassi Johan Cruijff
76%
1215 Argentina / Spagna Alfredo Di Stéfano
72%
305 Paesi Bassi Marco van Basten
71%
544 Portogallo Eusébio
69%
265 Germania Gerd Müller
69%
900 Germania Franz Beckenbauer
62%
187 Irlanda del Nord George Best
61%
119 Paesi Bassi Ruud Gullit
61%
624 Brasile Garrincha
56%
79 Liberia George Weah
48%
207 Brasile Zico
46%
116 Italia Gianni Rivera
45%
508 Inghilterra Robert Charlton
45%
70 Italia Franco Baresi
43%
202 Germania Lothar Matthäus
43%
56 Argentina / Italia Omar Sívori
33%
98 Inghilterra Robert Moore
33%
85 Messico Hugo Sánchez
31%
108 Italia Giuseppe Meazza
30%
41 Italia Sandro Mazzola
28%
59 Germania Karl-Heinz Rummenigge
25%
116 Brasile Didi
20%
63 Austria / Cecoslovacchia / Boemia e Moravia Josef Bican
16%
158 Uruguay Juan Alberto Schiaffino
16%
78 Camerun Roger Milla
15%
73 Spagna Francisco Gento
14%
36 Svezia Gunnar Nordahl
14%
73 Francia Just Fontaine
14%
44 Italia Giacinto Facchetti
13%
368 BaInghilterra Stanley Matthews
13%
46 Cecoslovacchia Josef Masopust
11%
41 rancia Raymond Kopa
11%
29 Scozia Denis Law
9%
106 Austria Matthias Sindelar
8%
34 Perù Teófilo Cubillas
8%
55 Cile Elías Figueroa
7%
52 Ungheria Sándor Kocsis
7%
103 Germania Fritz Walter
6%
53 Inghilterra Kevin Keegan
6%
71 Ungheria / Cecoslovacchia / Spagna László Kubala
6%
74 Uruguay José Leandro Andrade
5%
40 Germania Uwe Seeler
5%
96 Argentina José Manuel Moreno
3%
35 Brasile Zizinho
3%
51 Uruguay Héctor Scarone
2%
30 Paraguay Arsenio Erico
1%
Nessun quiz corrispondente trovato
Distribuzione punteggi
Percentuale di utenti per punteggio
Percentile per numero di risposta
I tuoi punteggi nel tempo
Non hai fatto questo quiz